| Tag |
First Indicator |
Second Indicator |
Subfields |
| LEADER |
00000cam a2200000 a 4500 |
| 001 |
in00000082126 |
| 005 |
20151008055515.0 |
| 008 |
790222s1978 enka d 00010 eng d |
| 010 |
|
|
|a 78059784
|
| 020 |
|
|
|a 0803910851
|
| 035 |
|
|
|a (OCoLC)04679825
|
| 035 |
|
|
|9 AAJ3647AM
|
| 040 |
|
|
|a UNA
|c UNA
|d OCL
|d TXA
|d UtOrBLW
|
| 049 |
|
|
|a TXAM
|c [387703]
|
| 090 |
|
|
|a QA269
|b .G479
|
| 100 |
1 |
|
|a Gibbs, G. I.
|
| 245 |
1 |
0 |
|a Dictionary of gaming, modelling & simulation /
|c G. Ian Gibbs.
|
| 264 |
|
1 |
|a London :
|b E & FN Spon ;
|a Beverly Hills, Calif. :
|b Sage,
|c 1978.
|
| 300 |
|
|
|a xi, 159 pages :
|b illustrations ;
|c 23 cm.
|
| 336 |
|
|
|a text
|b txt
|2 rdacontent
|
| 337 |
|
|
|a unmediated
|b n
|2 rdamedia
|
| 338 |
|
|
|a volume
|b nc
|2 rdacarrier
|
| 650 |
|
0 |
|a Game theory
|x Dictionaries.
|
| 650 |
|
0 |
|a Simulation methods
|x Dictionaries.
|
| 650 |
|
0 |
|a Models and modelmaking
|x Dictionaries.
|
| 999 |
|
|
|a MARS
|
| 999 |
f |
f |
|s 0085d82f-cd19-376a-a7cf-062e49ed2fa4
|i 46511962-9c1d-3444-8ae4-88cb2006e89e
|t 0
|
| 952 |
f |
f |
|p normal
|a Texas A&M University
|b College Station
|c Sterling C. Evans Library
|d Evans: Library Stacks
|t 0
|e QA269 .G479
|h Library of Congress classification
|i unmediated -- volume
|m A14806203807
|
| 998 |
f |
f |
|a QA269 .G479
|t 0
|l Evans: Library Stacks
|